[Event "St. Pauli Open - B"]
[Site "Hamburg"]
[Date "2011.07.11"]
[Round "4.23"]
[White "Bausch, Jean"]
[Black "Rogozenco, Teodora"]
[Result "1-0"]
[WhiteElo "1758"]
[BlackElo "1427"]
[Annotator "Albers,Andreas"]
[PlyCount "109"]
[EventDate "2011.??.??"]
[WhiteTeam "Schachclub Unterhaching e.V."]
[BlackTeam "Hamburger SK von 1830 eV"]

1. d4 Nf6 2. c4 g6 3. Nc3 Bg7 4. e4 d6 5. Nf3 O-O 6. Be2 e5 7. O-O Nc6 8. d5
Ne7 9. Ne1 a5 10. Nd3 Nd7 11. Be3 b6 12. a3 f5 13. f3 f4 14. Bf2 g5 15. b4 h5
16. c5 Nf6 17. cxd6 cxd6 18. Nb5 g4 19. Rc1 Rf7 20. Nc7 Rb8 21. Ne6 Bxe6 22.
dxe6 Rf8 23. fxg4 hxg4 24. Bxg4 Nxe4 25. Be1 Nf5 26. Bxf5 Rxf5 27. Qc2 d5 28.
bxa5 bxa5 29. Nf2 Nd6 30. Qc7 Nc4 31. Qxd8+ Rxd8 32. Nd3 Bf8 33. Bh4 Re8 34. g4
e4 35. gxf5 exd3 36. Rxf4 Bh6 37. Rg4+ Kf8 38. Bg5 Bxg5 39. Rxg5 d2 40. Rd1 Ke7
41. Rg6 Rf8 42. Rg7+ Kf6 43. Rf7+ Rxf7 44. exf7 Kxf7 45. Kf2 Kf6 46. Ke2 Kxf5
47. Rxd2 Nxd2 48. Kxd2 Kg4 $2 (48... Ke4 $1 49. h4 Kf4 50. Kd3 Kg4 51. Kd4 Kxh4
52. Kxd5 Kg4 53. Kc5 Kf5 54. Kb5 Ke6 (54... a4 {geht auch} 55. Kxa4 Ke6 56. Kb5
Kd7 57. Kb6 Kc8 58. a4 Kb8 $11) 55. Kxa5 Kd7 56. Kb6 Kc8 57. a4 Kb8 $11) 49.
Kd3 Kh3 50. Kd4 Kxh2 51. Kxd5 Kg3 52. Kc5 Kf4 53. Kb5 Ke5 54. Kxa5 Kd5 55. Kb6
1-0

[Event "St. Pauli Open - B"]
[Site "Hamburg"]
[Date "2011.07.11"]
[Round "4.24"]
[White "Kololli, Kevin"]
[Black "Kuhr, Stefan"]
[Result "1-0"]
[WhiteElo "1741"]
[BlackElo "1560"]
[PlyCount "49"]
[EventDate "2011.??.??"]
[WhiteTeam "Lübecker SV von 1873"]
[BlackTeam "FC ST.Pauli 1910 eV SAbt"]

1. e4 c6 2. d4 d5 3. e5 Na6 4. Nf3 Bg4 5. c4 Nc7 6. Nc3 e6 7. Be3 Ne7 8. c5 Nf5
9. Bd3 Be7 10. O-O Nh4 11. Be2 Bh5 12. Nxh4 Bxe2 13. Qxe2 Bxh4 14. Qg4 g6 15.
Bh6 Be7 16. b4 Bf8 17. Qf4 Be7 18. a4 g5 19. Qg3 Rg8 20. f4 Kd7 21. fxg5 Bxg5
22. Rxf7+ Be7 23. Bg5 Rxg5 24. Qxg5 Qe8 25. Qg7 1-0

[Event "St. Pauli Open - B"]
[Site "Hamburg"]
[Date "2011.07.11"]
[Round "4.25"]
[White "Dümmke, Jens"]
[Black "Stoll, Robert"]
[Result "0-1"]
[WhiteElo "1606"]
[BlackElo "1732"]
[PlyCount "82"]
[EventDate "2011.??.??"]
[WhiteTeam "Ahrensburger TSV"]
[BlackTeam "SG Glinde"]

1. Nf3 d5 2. d4 Nf6 3. g3 Bf5 4. Bg2 c6 5. O-O Nbd7 6. Nbd2 Qc7 7. b3 e6 8. Bb2
Bd6 9. c4 b6 10. Rc1 Rc8 11. cxd5 exd5 12. Nh4 Bg6 13. f3 Qb8 14. Qe1 O-O 15.
Nxg6 hxg6 16. e4 Rfe8 17. Qf2 Bb4 18. e5 Nh7 19. Rc2 Ng5 20. Rfc1 c5 21. a3
Bxd2 22. Qxd2 Ne6 23. f4 Nxd4 24. Bxd4 cxd4 25. Rxc8 Rxc8 26. Rxc8+ Qxc8 27.
Bh3 Nxe5 28. fxe5 Qxh3 29. Qxd4 Qe6 30. Kg2 f6 31. exf6 gxf6 32. Kf3 f5 33. Kf2
Qd6 34. b4 Qe6 35. h4 Kh7 36. Qe3 Qxe3+ 37. Kxe3 Kh6 38. b5 Kh5 39. Kf4 d4 40.
a4 d3 41. Ke3 Kg4 0-1

[Event "St. Pauli Open - B"]
[Site "Hamburg"]
[Date "2011.07.11"]
[Round "4.26"]
[White "Becker, Roland"]
[Black "Hopson, Kevin Mike"]
[Result "1/2-1/2"]
[WhiteElo "1568"]
[BlackElo "1721"]
[PlyCount "95"]
[EventDate "2011.??.??"]
[WhiteTeam "SC Sottrum"]
[BlackTeam "Elmshorner SC von 1896"]

1. e4 e5 2. Nf3 Nc6 3. Bb5 a6 4. Ba4 Nf6 5. d3 b5 6. Bb3 Be7 7. Bg5 d6 8. c3
Na5 9. Bc2 c5 10. Nbd2 Nc6 11. Bb3 Bd7 12. Rc1 h6 13. Bxf6 Bxf6 14. Bd5 Rb8 15.
Qb3 O-O 16. O-O Ne7 17. Qc2 Nxd5 18. exd5 b4 19. c4 g5 20. Ne4 Be7 21. Nxc5
dxc5 22. Nxe5 Bf6 23. Rce1 Re8 24. Nxd7 Qxd7 25. Re4 Re7 26. f4 Bd4+ 27. Kh1 f5
28. Rxe7 Qxe7 29. fxg5 hxg5 30. Qd1 Re8 31. Qh5 Bg7 32. Qg6 a5 33. d6 Qd7 34.
d4 cxd4 35. c5 g4 36. h3 gxh3 37. gxh3 f4 38. Qg2 Rc8 39. Qd5+ Kh7 40. Qh5+ Kg8
41. Qd5+ Qf7 42. Qg5 Qd7 43. Qd5+ Qf7 44. Qg5 f3 45. Kh2 Qxa2 46. Rxf3 Qe6 47.
Rg3 Qd7 48. Qd5+ 1/2-1/2

[Event "St. Pauli Open - B"]
[Site "Hamburg"]
[Date "2011.07.11"]
[Round "4.28"]
[White "Bormann, Jens"]
[Black "Kopylov, Daniel"]
[Result "1/2-1/2"]
[WhiteElo "1648"]
[BlackElo "1052"]
[PlyCount "52"]
[EventDate "2011.??.??"]
[WhiteTeam "Baubehörde"]
[BlackTeam "SC Agon Neumünster"]

1. Nf3 Nf6 2. g3 d5 3. Bg2 Bf5 4. d3 e6 5. O-O Be7 6. Nbd2 h6 7. Qe1 c6 8. e4
Bh7 9. e5 Nfd7 10. Nb3 O-O 11. Qe2 Nb6 12. a4 a5 13. Bd2 Nc8 14. Be3 Nd7 15. c3
Qc7 16. d4 Ncb6 17. Rfc1 Nc4 18. Nc5 Nxc5 19. dxc5 Nxe5 20. Bf4 Nxf3+ 21. Bxf3
Qd7 22. Be3 Rfd8 23. Bg4 Be4 24. f3 Bg6 25. Bd4 Bg5 26. f4 Be7 1/2-1/2

[Event "St. Pauli Open - B"]
[Site "Hamburg"]
[Date "2011.07.11"]
[Round "4.31"]
[White "Gorbach, Mark"]
[Black "Büdenbender, Timo"]
[Result "0-1"]
[WhiteElo "1197"]
[BlackElo "1641"]
[PlyCount "96"]
[EventDate "2011.??.??"]
[WhiteTeam "KSV Rochade Göttingen"]
[BlackTeam "Sfr.Heimersheim"]

1. e4 d5 2. exd5 Qxd5 3. Nc3 Qd8 4. d4 Nf6 5. Nf3 Bg4 6. Be2 e6 7. h3 Bh5 8.
Bg5 Nbd7 9. Ne5 Bxe2 10. Qxe2 Bd6 11. Nxd7 Qxd7 12. Bxf6 gxf6 13. Qb5 O-O-O 14.
Qxd7+ Rxd7 15. Ne4 Bf4 16. c3 f5 17. Nc5 Rd5 18. Nd3 Bh6 19. f4 Rg8 20. Kf2 c5
21. Nxc5 Bxf4 22. Nd3 Bg3+ 23. Kf3 Bd6 24. Rhe1 Rg3+ 25. Ke2 Rxg2+ 26. Nf2 Bg3
27. Rf1 f4 28. Kf3 Rh2 29. Ne4 Rxh3 30. Nxg3 Rf5 31. Ke4 fxg3 32. Rxf5 exf5+
33. Kxf5 h5 34. d5 g2 35. Rg1 Rh2 36. Kf6 Kd7 37. c4 b6 38. b4 Kd6 39. Kxf7 h4
40. Re1 Rh1 41. Re6+ Kd7 42. Re7+ Kc8 43. d6 g1=Q 44. d7+ Kd8 45. Re8+ Kxd7 46.
Re7+ Kc6 47. Re6+ Kb7 48. Re7+ Ka6 0-1

[Event "St. Pauli Open - B"]
[Site "Hamburg"]
[Date "2011.07.11"]
[Round "4.32"]
[White "Boxberger, Dieter"]
[Black "Haak, Werner"]
[Result "1-0"]
[WhiteElo "1468"]
[BlackElo "1806"]
[PlyCount "147"]
[EventDate "2011.??.??"]
[WhiteTeam "SK Wilhelmsburg 1936 eV"]
[BlackTeam "Hamburger SK von 1830 eV"]

1. e4 c5 2. Bc4 e6 3. Nc3 d6 4. d3 Nc6 5. Nf3 Be7 6. a3 Nf6 7. O-O O-O 8. b4
Ng4 9. bxc5 dxc5 10. Rb1 Bf6 11. Ne2 Nce5 12. Nxe5 Nxe5 13. Bb3 b6 14. Ng3 Ng6
15. Bb2 Bxb2 16. Rxb2 Qc7 17. Qf3 Bb7 18. Qe2 Rad8 19. Rbb1 a6 20. a4 Rd6 21.
Bc4 Qc6 22. Bb3 Kh8 23. f3 Nf4 24. Qe3 e5 25. Nf5 Rd7 26. g3 Ng6 27. Qg5 f6 28.
Qg4 Bc8 29. h4 Rfd8 30. h5 Nf8 31. Kg2 Ne6 32. Rh1 Nd4 33. Nxd4 Rxd4 34. Qh4
Be6 35. Bxe6 Qxe6 36. Ra1 c4 37. h6 g6 38. g4 cxd3 39. cxd3 Rxd3 40. Rhf1 Kg8
41. Qe1 f5 42. gxf5 gxf5 43. Qg3+ Qg6 44. exf5 Qxg3+ 45. Kxg3 Kf7 46. Kg4 Rg8+
47. Kh4 Rd4+ 48. Kh3 Rg5 49. Rac1 Rh5+ 50. Kg3 Rxh6 51. Rc7+ Ke8 52. Re1 Kd8
53. Rec1 Rd7 54. Rc8+ Ke7 55. Re1 Rd5 56. f4 Kd7 57. Rec1 exf4+ 58. Kxf4 Rc5
59. R8xc5 bxc5 60. Rxc5 Rh4+ 61. Ke5 Rxa4 62. Rd5+ Ke8 63. Kf6 h5 64. Rd3 Rb4
65. Ra3 Rb6+ 66. Kg5 Kf7 67. Ra4 Rf6 68. Rh4 a5 69. Rxh5 Ra6 70. Rh7+ Kg8 71.
Rc7 Ra8 72. Kg6 a4 73. f6 a3 74. Rh7 1-0

[Event "St. Pauli Open - B"]
[Site "Hamburg"]
[Date "2011.07.11"]
[Round "4.33"]
[White "Fischer, Jürgen"]
[Black "Janke, Hendrik"]
[Result "0-1"]
[WhiteElo "1477"]
[BlackElo "1767"]
[PlyCount "50"]
[EventDate "2011.??.??"]
[WhiteTeam "FC ST.Pauli 1910 eV SAbt"]
[BlackTeam "SF Burg von 1966"]

1. d4 d5 2. Nf3 Nf6 3. Bf4 Bf5 4. e3 e6 5. Nbd2 c5 6. dxc5 Bxc5 7. c3 O-O 8. h3
Nbd7 9. Be2 Ne4 10. Nxe4 Bxe4 11. O-O Nb6 12. Bd3 f6 13. Bg3 e5 14. Bxe4 dxe4
15. Qb3+ Kh8 16. Rfd1 Qe7 17. Nd2 f5 18. Nc4 f4 19. Nxb6 Bxb6 20. exf4 exf4 21.
Bh2 e3 22. fxe3 fxe3 23. Kh1 e2 24. Re1 Bf2 25. Qc4 Bxe1 0-1

[Event "St. Pauli Open - B"]
[Site "Hamburg"]
[Date "2011.07.11"]
[Round "4.34"]
[White "Lorsbach, Heinz"]
[Black "Werwitzke, Jasper"]
[Result "1-0"]
[WhiteElo "1750"]
[BlackElo "1460"]
[Annotator "Albers,Andreas"]
[PlyCount "47"]
[EventDate "2011.??.??"]
[WhiteTeam "FC ST.Pauli 1910 eV SAbt"]
[BlackTeam "Elmshorner SC von 1896"]

1. d4 Nf6 2. Nf3 g6 3. c4 Bg7 4. Nc3 d6 5. Bg5 O-O 6. Qd2 d5 7. Bxf6 Bxf6 8.
cxd5 Bg4 9. e4 Bxf3 10. gxf3 Nd7 11. Rc1 a6 12. Bg2 Nb6 13. b3 e6 14. dxe6 fxe6
15. e5 Bg5 16. f4 Bxf4 17. Qd3 Bxc1 18. O-O Qg5 19. Ne4 Qf4 20. Qc2 Nd5 21.
Rxc1 c6 22. Re1 Qg4 23. h3 Qh4 24. Qd2 {Rest nicht nachvollziehbar. Zug 38:}
1-0

[Event "St. Pauli Open - B"]
[Site "Hamburg"]
[Date "2011.07.11"]
[Round "4.36"]
[White "Bangert, Rüdiger"]
[Black "Zumholz, Jan"]
[Result "1-0"]
[WhiteElo "1694"]
[BlackElo "1374"]
[PlyCount "97"]
[EventDate "2011.??.??"]
[BlackTeam "SV Holstein Quickborn"]

1. d4 d5 2. c4 e6 3. Nc3 Nf6 4. cxd5 Nxd5 5. Nxd5 Qxd5 6. a3 Nc6 7. e3 Be7 8.
Nf3 O-O 9. Bd3 Rd8 10. Qc2 h6 11. Be4 Qd6 12. Bd2 a5 13. Bxc6 bxc6 14. Rc1 Bb7
15. Ne5 Ra6 16. O-O f6 17. Ng6 e5 18. Qb3+ Kh7 19. Nxe7 Qxe7 20. Qxb7 Rb6 21.
Qa7 Rxb2 22. Qxa5 Rb5 23. Qc3 exd4 24. Qd3+ Kh8 25. exd4 Rbd5 26. Rfe1 Qd7 27.
Be3 f5 28. Qc3 Rd6 29. g3 Kh7 30. Bf4 Rxd4 31. Qxc6 Qf7 32. Qxc7 R8d7 33. Qc5
R4d5 34. Qc4 Qf8 35. Qb4 Qf7 36. Qb3 Qf6 37. Rcd1 Rxd1 38. Rxd1 Ra7 39. Be3 Rc7
40. Rc1 Rd7 41. Rd1 Rc7 42. Qd3 Qf7 43. Qd5 Qf8 44. a4 Qf6 45. a5 Rc8 46. Bb6
Rc6 47. Qd7 Qg6 48. Bc7 Ra6 49. Rd6 1-0

[Event "St. Pauli Open - B"]
[Site "Hamburg"]
[Date "2011.07.11"]
[Round "4.37"]
[White "Rulfs, Ernst-August"]
[Black "Kibilka, Ulrich"]
[Result "1/2-1/2"]
[WhiteElo "1628"]
[BlackElo "1268"]
[PlyCount "59"]
[EventDate "2011.??.??"]
[WhiteTeam "SK Marmstorf GW Harburg"]
[BlackTeam "Hamburger SK von 1830 eV"]

1. c4 Nf6 2. Nc3 e6 3. Nf3 d5 4. g3 b6 5. Bg2 Bb7 6. O-O Be7 7. cxd5 exd5 8. d4
O-O 9. Bf4 Nbd7 10. Rc1 a6 11. Qc2 c5 12. Ng5 cxd4 13. Nxd5 Bxd5 14. Bxd5 Ra7
15. Rfd1 h6 16. Nxf7 Rxf7 17. Qb3 Nxd5 18. Qxd5 Bf6 19. Rc6 Ra8 20. Rdc1 Qe8
21. Re6 Be7 22. Rxe7 Qxe7 23. Qxa8+ Kh7 24. Qd5 Nc5 25. Bd6 Qf6 26. f3 Rd7 27.
Rxc5 bxc5 28. Qe4+ Qg6 29. Bxc5 Qxe4 30. fxe4 1/2-1/2

[Event "St. Pauli Open - B"]
[Site "Hamburg"]
[Date "2011.07.11"]
[Round "4.38"]
[White "Beifus, David"]
[Black "Klemt, Gerhard"]
[Result "0-1"]
[WhiteElo "1379"]
[BlackElo "1607"]
[Annotator "Albers,Andreas"]
[PlyCount "42"]
[EventDate "2011.??.??"]
[WhiteTeam "SG Glinde"]

1. e4 c5 2. Bc4 e6 3. Nc3 Nc6 4. a3 Nf6 5. Nf3 Nxe4 6. d3 Nxc3 7. bxc3 d5 8.
Bb3 Be7 9. O-O Bf6 10. d4 Qb6 11. Re1 O-O 12. Rb1 cxd4 13. Nxd4 Nxd4 14. Be3
Qa5 15. cxd4 Qxa3 16. c3 Qe7 17. Bf4 Qd7 18. Ba4 Qd8 19. Qd3 Bd7 20. Bc2 g6 21.
Rxb7 a6 {Rest nicht nachvollziehbar, nach Zug 41:} 0-1

[Event "St. Pauli Open - B"]
[Site "Hamburg"]
[Date "2011.07.11"]
[Round "4.39"]
[White "Bernstengel, Aaron"]
[Black "Andris, Georg"]
[Result "1-0"]
[WhiteElo "1329"]
[BlackElo "1568"]
[PlyCount "91"]
[EventDate "2011.??.??"]
[WhiteTeam "SC Diogenes eV"]
[BlackTeam "SG Glinde"]

1. e4 e6 2. d4 d5 3. Nc3 Bb4 4. Bd2 dxe4 5. Nge2 c5 6. Nxe4 Bxd2+ 7. Qxd2 cxd4
8. Qxd4 Qxd4 9. Nxd4 Nc6 10. Nb5 Nge7 11. Nc7+ Kf8 12. Nxa8 g6 13. Nc7 Kg7 14.
Nb5 a6 15. Nbc3 Nf5 16. O-O-O b5 17. Nd6 Nxd6 18. Rxd6 Ne5 19. Be2 f5 20. Rhd1
Nf7 21. R6d2 h5 22. a4 b4 23. Na2 a5 24. b3 Kf6 25. c3 bxc3 26. Nxc3 g5 27. Rb2
g4 28. f3 Ne5 29. f4 Ng6 30. g3 h4 31. Bf1 Bb7 32. Bg2 Bc8 33. b4 axb4 34. Rxb4
hxg3 35. hxg3 Rh2 36. Rb2 Rh7 37. a5 Rc7 38. Rc2 Ra7 39. Ra2 Rc7 40. Ra3 Ba6
41. Kb2 Ne7 42. Rd6 Ra7 43. Nd5+ Nxd5 44. Bxd5 Ke7 45. Rxe6+ Kd8 46. Rf6 1-0

[Event "St. Pauli Open - B"]
[Site "Hamburg"]
[Date "2011.07.11"]
[Round "4.40"]
[White "Enke, Nils"]
[Black "Kalauch, Johannes"]
[Result "1-0"]
[WhiteElo "1561"]
[BlackElo "1256"]
[PlyCount "51"]
[EventDate "2011.??.??"]
[WhiteTeam "SK Cuxhaven"]
[BlackTeam "SK Marmstorf GW Harburg"]

1. e4 c5 2. Nf3 Nc6 3. d4 cxd4 4. Nxd4 g6 5. Nc3 Bg7 6. Be3 e6 7. Be2 Nge7 8.
Nb3 O-O 9. Qd2 d5 10. exd5 exd5 11. O-O-O Be6 12. g4 Nb4 13. a3 Bxc3 14. bxc3
Nbc6 15. Bh6 Re8 16. f4 f5 17. g5 Kh8 18. Bb5 Qd6 19. Kb2 b6 20. Nd4 Na5 21.
Nxe6 Nec6 22. Nd4 a6 23. Nxc6 axb5 24. Qd4+ Re5 25. Qxe5+ Qxe5 26. Nxe5 1-0

[Event "St. Pauli Open - B"]
[Site "Hamburg"]
[Date "2011.07.11"]
[Round "4.42"]
[White "Lingstädt, Nils"]
[Black "Haugwitz, Steffen"]
[Result "0-1"]
[WhiteElo "1134"]
[BlackElo "1504"]
[PlyCount "81"]
[EventDate "2011.??.??"]
[WhiteTeam "Hamburger SK von 1830 eV"]
[BlackTeam "SF Hamburg eV 1934"]

1. d4 Nf6 2. c4 g6 3. Nc3 Bg7 4. Nf3 d6 5. e4 O-O 6. Be2 Nbd7 7. O-O e5 8. d5
h6 9. Re1 Nc5 10. Bf1 Nh7 11. b4 Nd7 12. a4 f5 13. Ra3 fxe4 14. Nxe4 Ndf6 15.
Qc2 Nxe4 16. Qxe4 Bf5 17. Qh4 g5 18. Qg3 Nf6 19. h3 Nh5 20. Qh2 Bg6 21. g4 Nf4
22. h4 Qd7 23. Qg3 Rae8 24. hxg5 hxg5 25. Nxg5 Bf6 26. Ne4 Bxe4 27. Rxe4 Qh7
28. g5 Qxe4 29. gxf6+ Qg6 30. Qxg6+ Nxg6 31. Bg5 e4 32. Bh3 Ne5 33. Be6+ Kh7
34. Rh3+ Kg6 35. Rh6+ Kxg5 36. Rh7 Rxf6 37. Rg7+ Rg6 38. Rh7 Kf6+ 39. Kf1 Re7
40. Rh4 Nxc4 41. Rxe4 0-1

[Event "St. Pauli Open - B"]
[Site "Hamburg"]
[Date "2011.07.11"]
[Round "4.45"]
[White "Schoppe, Gottfried"]
[Black "Queißer, Jens"]
[Result "0-1"]
[WhiteElo "1720"]
[BlackElo "1191"]
[PlyCount "100"]
[EventDate "2011.??.??"]
[WhiteTeam "SK Caissa Rahlstedt von 1965 e.V"]
[BlackTeam "Hamburger SK von 1830 eV"]

1. d4 Nf6 2. c4 e6 3. Nf3 c5 4. Nc3 cxd4 5. Nxd4 Bb4 6. a3 Bxc3+ 7. bxc3 Qa5 8.
Qc2 O-O 9. Bd2 Nc6 10. e3 Qe5 11. Bd3 Qg5 12. g3 Ne5 13. Be2 Qg6 14. Qxg6 fxg6
15. f4 Nc6 16. Bf3 e5 17. Nb5 Ne8 18. Bd5+ Kh8 19. a4 a6 20. Na3 d6 21. O-O Nf6
22. e4 Ne7 23. fxe5 dxe5 24. Rae1 Nexd5 25. cxd5 Bd7 26. Nc4 Bxa4 27. Nb6 Bb5
28. c4 Bxc4 29. Nxc4 Nd7 30. Bb4 Rf6 31. Rb1 b5 32. Ne3 a5 33. Be7 Rxf1+ 34.
Kxf1 b4 35. Bxb4 axb4 36. Rxb4 Nf6 37. h3 h5 38. Kf2 Ra2+ 39. Kf3 Rd2 40. Rb6
Rd4 41. Nc2 Rd3+ 42. Ke2 Rxg3 43. Ne3 Rxh3 44. Rxf6 gxf6 45. d6 Rh2+ 46. Kd3
Ra2 47. Nc4 Ra7 48. Nb6 h4 49. d7 Rxd7+ 50. Nxd7 h3 0-1

[Event "St. Pauli Open - B"]
[Site "Hamburg"]
[Date "2011.07.11"]
[Round "4.46"]
[White "Frischmuth, Beate"]
[Black "Bauer, Matthias"]
[Result "1/2-1/2"]
[WhiteElo "1225"]
[BlackElo "1621"]
[PlyCount "38"]
[EventDate "2011.??.??"]
[WhiteTeam "SK Union Eimsbuettel eV"]
[BlackTeam "Schachverein Günnigfeld 1922 e.V"]

1. e4 d5 2. exd5 Qxd5 3. Nc3 Qa5 4. d3 c6 5. g3 Nf6 6. Bg2 Bf5 7. Nge2 e6 8.
Be3 Nbd7 9. Qd2 Bb4 10. a3 Nd5 11. Bxd5 cxd5 12. O-O-O Be7 13. f4 b5 14. Na2
Qc7 15. Qc3 Qxc3 16. Nexc3 a6 17. h3 Bf6 18. g4 Bg6 19. g5 Be7 1/2-1/2

[Event "St. Pauli Open - B"]
[Site "Hamburg"]
[Date "2011.07.11"]
[Round "4.47"]
[White "Renn, Joachim"]
[Black "Kaußmann, Jean-David"]
[Result "0-1"]
[WhiteElo "1029"]
[BlackElo "1420"]
[PlyCount "94"]
[EventDate "2011.??.??"]
[WhiteTeam "FC ST.Pauli 1910 eV SAbt"]
[BlackTeam "FC ST.Pauli 1910 eV SAbt"]

1. c4 e5 2. Nc3 Nf6 3. g3 Bc5 4. Bg2 O-O 5. e3 Nc6 6. Nge2 d6 7. O-O Be6 8. a3
Bxc4 9. Re1 Be6 10. d4 exd4 11. exd4 Bb6 12. d5 Bd7 13. dxc6 bxc6 14. Nf4 d5
15. Be3 Bg4 16. Qc2 Rb8 17. Bxb6 cxb6 18. h3 Bd7 19. Rad1 Qc8 20. Re2 g5 21.
Nd3 Bxh3 22. Re5 h6 23. Rde1 Be6 24. Bf3 Qd7 25. Bd1 Rfe8 26. f3 Bf5 27. Qd2
Rxe5 28. Rxe5 Bg6 29. Nf2 Re8 30. Rxe8+ Qxe8 31. Ng4 Nxg4 32. fxg4 Qe5 33. Qf2
d4 34. Ne2 c5 35. Nc1 Kf8 36. Nd3 Bxd3 37. Bb3 Qe3 38. a4 Qxf2+ 39. Kxf2 f6 40.
Bd5 Ke7 41. Ke1 Bc2 42. b3 Kd6 43. Bc4 Ke5 44. Kd2 Bg6 45. Bd3 Bf7 46. Bc4 Bxc4
47. bxc4 Ke4 0-1

[Event "St. Pauli Open - B"]
[Site "Hamburg"]
[Date "2011.07.11"]
[Round "4.49"]
[White "Niedwetzki, Jan Daniel"]
[Black "Noakes, Günther"]
[Result "1/2-1/2"]
[WhiteElo "1257"]
[BlackElo "961"]
[PlyCount "105"]
[EventDate "2011.??.??"]
[WhiteTeam "SC Diogenes eV"]
[BlackTeam "Hamburger SK von 1830 eV"]

1. e4 c5 2. Nf3 d6 3. d4 cxd4 4. Nxd4 e5 5. Nb5 a6 6. N5c3 Nf6 7. Bg5 Be7 8.
Bxf6 Bxf6 9. Nd5 O-O 10. Nbc3 b5 11. Nxf6+ Qxf6 12. Nd5 Qd8 13. Qd2 Bb7 14. Be2
Bxd5 15. Qxd5 Ra7 16. Rd1 Rd7 17. Bg4 Qa5+ 18. c3 Rdd8 19. O-O Qc7 20. Rd3 Qc6
21. Qxc6 Nxc6 22. Rfd1 g6 23. Rxd6 Rxd6 24. Rxd6 Nb8 25. g3 h5 26. Be2 Rc8 27.
b3 Kg7 28. c4 b4 29. Rb6 a5 30. Rb5 Nc6 31. Rc5 Kf6 32. Kf1 Ke6 33. g4 h4 34.
g5 Kd6 35. Rd5+ Kc7 36. Bg4 Rd8 37. Rxd8 Nxd8 38. Kg2 Nc6 39. Kh3 Nd4 40. Bd1
Ne6 41. Kxh4 Nc5 42. Bc2 Ne6 43. Kg4 Nd4 44. Bd1 Ne6 45. h4 Ng7 46. f4 exf4 47.
Kxf4 Kd6 48. Bg4 Kc5 49. Ke5 Ne8 50. h5 gxh5 51. Bxh5 Nd6 52. g6 fxg6 53. Bxg6
1/2-1/2

[Event "St. Pauli Open - B"]
[Site "Hamburg"]
[Date "2011.07.11"]
[Round "4.50"]
[White "Ryll, Alex"]
[Black "Floren, Dieter"]
[Result "0-1"]
[WhiteElo "1052"]
[BlackElo "1480"]
[PlyCount "94"]
[EventDate "2011.??.??"]
[WhiteTeam "SK Johanneum Eppendorf"]
[BlackTeam "Hamburger SK von 1830 eV"]

1. e4 c5 2. Nf3 e6 3. d4 cxd4 4. Nxd4 a6 5. Nc3 Qc7 6. a3 Nf6 7. f3 b6 8. Be3
Bb7 9. Nb3 d6 10. Qd2 Nbd7 11. O-O-O Be7 12. Kb1 Rc8 13. a4 d5 14. Bd3 dxe4 15.
fxe4 Ne5 16. Bf4 Nc4 17. Bxc7 Nxd2+ 18. Nxd2 Rxc7 19. Rhg1 Bc5 20. Rgf1 Ng4 21.
Rf4 Ne5 22. Nf3 Ng6 23. Rg4 h5 24. Rg3 Bf2 25. Rg5 Be3 26. Rg3 Bf4 27. Rh3 e5
28. g3 Bc8 29. Nd5 Ra7 30. Bf1 Bxh3 31. Bxh3 Bh6 32. Nxb6 O-O 33. Nd5 Kh8 34.
g4 hxg4 35. Bxg4 Rd8 36. Rh1 f6 37. c4 Nf4 38. Nxf4 Bxf4 39. h4 Rb7 40. Ne1 Rd4
41. Be2 Rd2 42. Bd3 Rbxb2+ 43. Kc1 Rh2+ 44. Kd1 Rxh1 45. Be2 Rd2+ 46. Kc1 Rxe1+
47. Bd1 Rexd1# 0-1

[Event "St. Pauli Open - B"]
[Site "Hamburg"]
[Date "2011.07.11"]
[Round "4.41"]
[White "Kalauch, Lucas"]
[Black "Svane, Freja"]
[Result "1-0"]
[WhiteElo "1524"]
[BlackElo "820"]
[PlyCount "59"]
[EventDate "2011.??.??"]
[WhiteTeam "SK Marmstorf GW Harburg"]
[BlackTeam "Lübecker SV von 1873"]

1. d4 d5 2. Nf3 Nc6 3. e3 Bg4 4. Bd3 Qd7 5. Nbd2 O-O-O 6. O-O Kb8 7. c3 b6 8.
e4 dxe4 9. Nxe4 Qe6 10. Neg5 Qd5 11. Be4 Qd7 12. Nxf7 Re8 13. Nxh8 Nf6 14. Bd3
Bh3 15. gxh3 Qxh3 16. Nf7 Ng4 17. N7g5 Qh4 18. Nxh4 Nf6 19. Ne6 g6 20. Bb5 Kb7
21. Qf3 Kb8 22. Bxc6 h5 23. Bf4 a5 24. Ba8 Kc8 25. Qb7+ Kd7 26. Qc6+ Kc8 27.
Bb7+ Kb8 28. Bxc7+ Ka7 29. Bxb6+ Kb8 30. Qc7# 1-0

[Event "St. Pauli Open - B"]
[Site "Hamburg"]
[Date "2011.07.11"]
[Round "4.51"]
[White "Killgus, Leonard"]
[Black "Giede, Anna-Blume"]
[Result "1-0"]
[WhiteElo "1076"]
[BlackElo "1037"]
[PlyCount "45"]
[EventDate "2011.??.??"]
[WhiteTeam "SK Johanneum Eppendorf"]
[BlackTeam "Lübecker SV von 1873"]

1. e4 c5 2. Nf3 e6 3. d4 cxd4 4. Nxd4 Nf6 5. Nc3 Bb4 6. f3 O-O 7. Be3 Re8 8.
Qd2 b6 9. O-O-O Bb7 10. g4 d5 11. h4 Nc6 12. Nde2 Re7 13. h5 h6 14. g5 hxg5 15.
Bxg5 Re8 16. h6 g6 17. e5 Nxe5 18. Qf4 Be7 19. Qxe5 Bc6 20. Ne4 Rf8 21. Nxf6+
Bxf6 22. Bxf6 Qb8 23. h7# 1-0

[Event "St. Pauli Open - B"]
[Site "Hamburg"]
[Date "2011.07.11"]
[Round "4.27"]
[White "Zimmermann, Jasmin"]
[Black "Kalauch, Jonathan"]
[Result "1-0"]
[WhiteElo "1677"]
[BlackElo "1417"]
[PlyCount "41"]
[EventDate "2011.??.??"]
[WhiteTeam "TuRa Harksheide"]
[BlackTeam "SK Marmstorf GW Harburg"]

1. e4 c5 2. c3 Nc6 3. d4 cxd4 4. cxd4 g6 5. Nf3 Bg7 6. Nc3 d6 7. Be3 Nf6 8. d5
Nb8 9. Be2 Nbd7 10. O-O Nc5 11. Rc1 Nfxe4 12. Nxe4 Nxe4 13. Qa4+ Bd7 14. Qxe4
O-O 15. Bd4 Bf5 16. Qh4 Bxd4 17. Qxd4 h6 18. Rc3 Rc8 19. Rfc1 Rxc3 20. Rxc3 Qb8
21. Qh4 1-0

[Event "St. Pauli Open - B"]
[Site "Hamburg"]
[Date "2011.07.11"]
[Round "4.6"]
[White "Burianek, Daniel"]
[Black "Bode, Heinrich"]
[Result "1-0"]
[WhiteElo "1787"]
[BlackElo "1705"]
[PlyCount "23"]
[EventDate "2011.??.??"]
[WhiteTeam "SV VHS Rendsburg"]
[BlackTeam "SC Schwarz-Weiss Harburg"]

1. e4 e5 2. Nf3 Nf6 3. Nxe5 d6 4. Nf3 Nxe4 5. d4 d5 6. Bd3 Bg4 7. O-O Nd7 8.
Re1 f5 9. c4 Ndf6 10. cxd5 Qxd5 11. Nc3 Qc6 12. Bb5 1-0